| 000 -ლიდერი |
| ფიქსირებული სიგრძის საკონტროლო ველი |
02374nam a22003377a 4500 |
| 003 - საკონტროლო ნომრის იდენტიფიკატორი |
| საკონტროლო ველი |
Ge_BSU |
| 005 - ბოლო ოპერაციის თარიღი და დრო |
| საკონტროლო ველი |
20251008211930.0 |
| 008 - ფიქსირებული სიგრძის მონაცემთა ელემენტები - ზოგადი ინფორმაცია |
| ფიქსირებული სიგრძის საკონტროლო ველი |
251008s2017 ge ||||| |||| 00| 0 geo d |
| 020 ## - წიგნის საერთაშორისო სტანდარტული ნომერი |
| International Standard Book Number |
9789941248566 |
| 041 ## - ენის კოდი |
| Language code of text/sound track or separate title |
geo |
| 080 ## - უნივერსალური ათობითი კლასიფიკაციის ინდექსი |
| Universal Decimal Classification number |
614(031) პ-63 |
| 100 ## - მთავარი ჩანაწერი - პიროვნების სახელი |
| Personal name |
პორტერი, რობერტ ს. |
| 9 (RLIN) |
25965 |
| 245 ## - ცნობა სათაურის შესახებ |
| Title |
ჯანმრთელობის ენციკლოპედია ყველა თაობისთვის : 7 ტომეული : |
| Remainder of title |
ტ. 7 / |
| Statement of responsibility, etc |
რობერტ ს. პორტერი, ჯასტინ ლ. კაპლანი, ბარბარა პ. ჰომიერი; მთარგმნელები: ნინო კიკნაძე, ლია რუსიეშვილი, ანა სიბოშვილი [და სხვ.]; რედაქტორები: გივი ჯავაშვილი, გურამ კიკნაძე, თამარ მამაცაშვილი. |
| 264 ## - წარმოების, გამოცემის, დისტრიბუციის და სხვა ცნობები |
| გამოცემის, წარმოების, დისტრიბუციის... ადგილი |
თბილისი : |
| გამოცემის, წარმოების, დისტრიბუციის... სახელწოდება |
პალიტრა L, |
| გამოცემის, წარმოების, დისტრიბუციის... თარიღი |
2017. |
| 300 ## - ფიზიკური აღწერა |
| Extent |
612 გვ.; |
| Other physical details |
26 სმ. |
| 490 ## - სერიის ცნობა |
| Series statement |
მსოფლიო ბესტსელერი |
| 653 ## - INDEX TERM--UNCONTROLLED |
| Uncontrolled term |
ბავშვთა ჯანმრთელობა |
| 653 ## - INDEX TERM--UNCONTROLLED |
| Uncontrolled term |
მოხუცებულთა ჯანმრთელობა |
| 653 ## - INDEX TERM--UNCONTROLLED |
| Uncontrolled term |
დაზიანებები და მოწამვლები |
| 653 ## - INDEX TERM--UNCONTROLLED |
| Uncontrolled term |
საგანგებო საკითხი |
| 700 ## - ADDED ENTRY--PERSONAL NAME |
| Personal name |
აპლანი, ჯასტინ ლ. |
| Relator term |
ავტორი |
| 9 (RLIN) |
25966 |
| 700 ## - ADDED ENTRY--PERSONAL NAME |
| Personal name |
ჰომიერი, ბარბარა ჰ. |
| Relator term |
ავტორი |
| 9 (RLIN) |
25967 |
| 700 ## - ADDED ENTRY--PERSONAL NAME |
| Personal name |
კიკნაძე, ნინო |
| Relator term |
მთარგმნელი |
| 9 (RLIN) |
25968 |
| 700 ## - ADDED ENTRY--PERSONAL NAME |
| Personal name |
რუსიეშვილი, ლია |
| Relator term |
მთარგმნელი |
| 9 (RLIN) |
25969 |
| 700 ## - ADDED ENTRY--PERSONAL NAME |
| Personal name |
სიბოშვილი, ანა |
| Relator term |
მთარგმნელი |
| 9 (RLIN) |
25970 |
| 700 ## - ADDED ENTRY--PERSONAL NAME |
| Personal name |
მელიქიძე, თამარ და სხვ. |
| Relator term |
მთარგმნელი |
| 9 (RLIN) |
25971 |
| 700 ## - ADDED ENTRY--PERSONAL NAME |
| Personal name |
ჯავაშვილი, გივი |
| Relator term |
რედაქტორი |
| 9 (RLIN) |
16844 |
| 700 ## - ADDED ENTRY--PERSONAL NAME |
| Personal name |
კიკნაძე, გურამ |
| Relator term |
რედაქტორი |
| 9 (RLIN) |
25984 |
| 700 ## - ADDED ENTRY--PERSONAL NAME |
| Personal name |
მამაცაშვილი, თამარ |
| Relator term |
რედაქტორი |
| 9 (RLIN) |
25985 |
| 942 ## - ADDED ENTRY ELEMENTS (KOHA) |
| Source of classification or shelving scheme |
|
| Koha item type |
წიგნი |